[Event "37. Copenhagen Open (Politiken Cup)"]
[Site "Elsinore"]
[Date "2015.07.27"]
[Round "4"]
[White "Thor, Gudmundur Sverrir"]
[Black "Jorgensen, Alexander Torp"]
[Result "1-0"]
[WhiteElo "2032"]
[BlackElo "1842"]
[PlyCount "83"]
[EventDate "2015.07.25"]
[EventType "swiss"]
[EventRounds "10"]
[EventCountry "DEN"]
[Source "ChessBase"]
[SourceDate "2015.09.14"]

1. e4 c5 2. Nc3 a6 3. g3 b5 4. a4 b4 5. Nd5 e6 6. Ne3 Bb7 7. Bg2 Nf6 8. d3 d6
9. Ne2 Be7 10. O-O Nbd7 11. f4 h5 12. h3 Qc7 13. c3 e5 14. Qb3 a5 15. Nf5 Bf8
16. Bd2 Ba6 17. c4 Bb7 18. Rf2 g6 19. fxe5 dxe5 20. Ne3 Nh7 21. Raf1 f6 22. Qd1
Qd6 23. Nd5 Bxd5 24. cxd5 c4 25. dxc4 Qc7 26. Qc1 Bc5 27. Be3 Bxe3 28. Qxe3
Qxc4 29. Rc1 Qa2 30. b3 Ke7 31. Rc7 Rhc8 32. Qc5+ Kd8 33. Rxc8+ Rxc8 34. Qxa5+
Ke8 35. Qa6 Rc2 36. Qd3 Nc5 37. Qb5+ Ke7 38. Qc6 Qxb3 39. d6+ Ke6 40. Qc7 Nxe4
41. Qe7+ Kd5 42. Qf7+ 1-0

[Event "37. Copenhagen Open (Politiken Cup)"]
[Site "Elsinore"]
[Date "2015.07.27"]
[Round "4"]
[White "Thorsbro, Peter"]
[Black "Skovgaard, Ib"]
[Result "1-0"]
[WhiteElo "2216"]
[BlackElo "2031"]
[PlyCount "71"]
[EventDate "2015.07.25"]
[EventType "swiss"]
[EventRounds "10"]
[EventCountry "DEN"]
[Source "ChessBase"]
[SourceDate "2015.09.14"]

1. d4 d5 2. c4 c6 3. Nc3 Nf6 4. Nf3 dxc4 5. a4 Bg4 6. Ne5 Bh5 7. f3 e6 8. g4
Nfd7 9. Nxd7 Qh4+ 10. Kd2 Nxd7 11. gxh5 Nc5 12. Kc2 Nb3 13. Ra2 O-O-O 14. e3 e5
15. Bxc4 Nxc1 16. Qxc1 exd4 17. exd4 Qxd4 18. Bxf7 Qd3+ 19. Kb3 Rd4 20. Ra1 Qf5
21. Bc4 Qc5 22. Be6+ Kb8 23. Rd1 Rb4+ 24. Kc2 Bd6 25. Rd3 Bf4 26. Qd1 Bg5 27.
Qg1 Qe7 28. Re1 Re8 29. Rd7 Rd8 30. Qg3+ Ka8 31. Rxe7 Rd2+ 32. Kb1 Rbxb2+ 33.
Ka1 Bxe7 34. Qc7 Bd6 35. Qc8+ Bb8 36. Rb1 1-0

[Event "37. Copenhagen Open (Politiken Cup)"]
[Site "Elsinore"]
[Date "2015.07.27"]
[Round "4"]
[White "Thybo, Thomas Sondergaard"]
[Black "Kramer, Julian"]
[Result "0-1"]
[WhiteElo "1831"]
[BlackElo "2312"]
[PlyCount "74"]
[EventDate "2015.07.25"]
[EventType "swiss"]
[EventRounds "10"]
[EventCountry "DEN"]
[Source "ChessBase"]
[SourceDate "2015.09.14"]

1. e4 c5 2. Nc3 a6 3. g3 b5 4. Bg2 Bb7 5. d3 e6 6. Nf3 b4 7. Nb1 d5 8. exd5
Bxd5 9. Bf4 Nf6 10. Nbd2 Bd6 11. Bxd6 Qxd6 12. Nc4 Qc7 13. O-O O-O 14. Qe2 Nbd7
15. a3 a5 16. Nfe5 Nxe5 17. Nxe5 Qb6 18. Nc4 Qc7 19. Qe5 Qc6 20. Ne3 Bxg2 21.
Nxg2 Nd5 22. Ne3 Nxe3 23. fxe3 c4 24. axb4 cxd3 25. Qc3 Qxc3 26. bxc3 axb4 27.
Rxa8 Rxa8 28. cxd3 bxc3 29. Rc1 Ra3 30. Kf2 Ra2+ 31. Kg1 Ra3 32. Kf2 f5 33. d4
Kf7 34. Rc2 e5 35. Ke2 e4 36. Kd1 Ke6 37. Kc1 Ra1# 0-1

[Event "37. Copenhagen Open (Politiken Cup)"]
[Site "Elsinore"]
[Date "2015.07.27"]
[Round "4"]
[White "Tolba, Henri"]
[Black "Klitgaard, Ebbe"]
[Result "1/2-1/2"]
[WhiteElo "1739"]
[BlackElo "1961"]
[PlyCount "141"]
[EventDate "2015.07.25"]
[EventType "swiss"]
[EventRounds "10"]
[EventCountry "DEN"]
[Source "ChessBase"]
[SourceDate "2015.09.14"]

1. d4 Nf6 2. Nf3 d5 3. Bf4 e6 4. e3 Bd6 5. c3 Bxf4 6. exf4 O-O 7. Nbd2 Nbd7 8.
Bd3 c5 9. O-O cxd4 10. Nxd4 Nc5 11. Bc2 Qc7 12. g3 b6 13. Re1 Ba6 14. Qf3 Rfe8
15. Re5 Ncd7 16. Re3 e5 17. fxe5 Rxe5 18. Rae1 Rae8 19. Bb3 Rxe3 20. fxe3 Bb7
21. Qf5 Nc5 22. Bc2 Nce4 23. Nxe4 dxe4 24. Rf1 Bc8 25. Qg5 h6 26. Qf4 Qxf4 27.
Rxf4 Bb7 28. Bb3 Bd5 29. Ba4 Rc8 30. a3 Ba8 31. Bc2 Re8 32. Bb3 Re7 33. Nf5 Rd7
34. Nd4 Kf8 35. Kg2 a6 36. h3 b5 37. Rf5 Bd5 38. Bxd5 Rxd5 39. Rxd5 Nxd5 40.
Kf2 g6 41. Nb3 f5 42. Nc5 a5 43. g4 Ke7 44. gxf5 gxf5 45. Nb3 Kd6 46. Nd4 Kc5
47. Nxf5 a4 48. Ke2 h5 49. Kd2 Nb6 50. Ng3 Kd5 51. Nxh5 Nc4+ 52. Ke2 Nxb2 53.
Nf4+ Ke5 54. h4 Nc4 55. h5 Nxa3 56. h6 Kf6 57. Ne6 Kg6 58. Nc5 Nb1 59. Nxe4 a3
60. Nc5 Nxc3+ 61. Kd3 Na4 62. Nb3 a2 63. Kc2 Kxh6 64. Na1 Kg5 65. Kb3 Kf5 66.
Kxa2 Ke4 67. Kb3 Kxe3 68. Kb4 Nc3 69. Kxc3 Ke4 70. Kb4 Kd5 71. Kxb5 1/2-1/2

[Event "37. Copenhagen Open (Politiken Cup)"]
[Site "Elsinore"]
[Date "2015.07.27"]
[Round "4"]
[White "Van den Boogaart, Jan Maarten"]
[Black "Jensen, Tommy"]
[Result "1/2-1/2"]
[WhiteElo "2024"]
[BlackElo "1821"]
[PlyCount "50"]
[EventDate "2015.07.25"]
[EventType "swiss"]
[EventRounds "10"]
[EventCountry "DEN"]
[Source "ChessBase"]
[SourceDate "2015.09.14"]

1. e4 e5 2. Nf3 d6 3. d4 exd4 4. Nxd4 Nf6 5. Nc3 Be7 6. Be2 O-O 7. O-O Nbd7 8.
f4 Nc5 9. Bf3 c6 10. Be3 Ne6 11. Nf5 Nc7 12. Nxe7+ Qxe7 13. Qe2 Re8 14. Rae1 b6
15. Qd1 Ba6 16. Rf2 d5 17. e5 Nd7 18. a4 Rad8 19. Rd2 Qb4 20. Ne2 Bxe2 21.
Rexe2 Qxa4 22. Rd4 Qa6 23. c3 Qc8 24. Rdd2 f5 25. exf6 Nxf6 1/2-1/2

[Event "37. Copenhagen Open (Politiken Cup)"]
[Site "Elsinore"]
[Date "2015.07.27"]
[Round "4"]
[White "Vehl, Tina"]
[Black "Kristensen, Thomas Overgaard"]
[Result "1-0"]
[WhiteElo "1851"]
[BlackElo "1545"]
[PlyCount "65"]
[EventDate "2015.07.25"]
[EventType "swiss"]
[EventRounds "10"]
[EventCountry "DEN"]
[Source "ChessBase"]
[SourceDate "2015.09.14"]

1. d4 d5 2. c4 e6 3. Nf3 Nf6 4. g3 c6 5. Bg2 Be7 6. O-O O-O 7. Nc3 Re8 8. b3 b6
9. Bb2 Ba6 10. Qd3 Nbd7 11. e4 Nf8 12. e5 N6d7 13. Rac1 Rb8 14. Ne2 Ng6 15. Nd2
b5 16. c5 Qa5 17. Qc2 b4 18. Rfe1 Bxe2 19. Rxe2 Bg5 20. f4 Bxf4 21. gxf4 Nxf4
22. Rf2 Nxg2 23. Rxg2 Nf8 24. Nf3 Rb7 25. Rf1 Qa6 26. Bc1 Ng6 27. h4 f5 28.
exf6 Rf7 29. h5 Ref8 30. hxg6 Rxf6 31. gxh7+ Kh8 32. Rgf2 Qb7 33. Ne5 1-0

[Event "37. Copenhagen Open (Politiken Cup)"]
[Site "Elsinore"]
[Date "2015.07.27"]
[Round "4"]
[White "Verstraeten, Reinaert"]
[Black "Shankland, Samuel L"]
[Result "0-1"]
[WhiteElo "2312"]
[BlackElo "2656"]
[PlyCount "54"]
[EventDate "2015.07.25"]
[EventType "swiss"]
[EventRounds "10"]
[EventCountry "DEN"]
[Source "ChessBase"]
[SourceDate "2015.09.14"]

1. d4 d5 2. c4 e6 3. Nf3 Nf6 4. g3 Be7 5. Bg2 O-O 6. O-O c6 7. Nc3 Nbd7 8. Qd3
b6 9. cxd5 cxd5 10. Bf4 Bb7 11. Nb5 Ne4 12. Bc7 Qe8 13. Bf4 Ndc5 14. dxc5 Nxc5
15. Qd2 Qxb5 16. Nd4 Qd7 17. b4 Na4 18. e4 dxe4 19. Nf5 Rfd8 20. Qxd7 Rxd7 21.
Rad1 Bd5 22. Bxe4 Bxb4 23. Rd4 Nc3 24. Bxd5 Nxd5 25. Ne3 Bc5 26. Rd3 Rad8 27.
Rfd1 f6 0-1

[Event "37. Copenhagen Open (Politiken Cup)"]
[Site "Elsinore"]
[Date "2015.07.27"]
[Round "4"]
[White "Vesterli, Michael E"]
[Black "Schadd, Jan"]
[Result "1-0"]
[WhiteElo "2067"]
[BlackElo "1852"]
[PlyCount "63"]
[EventDate "2015.07.25"]
[EventType "swiss"]
[EventRounds "10"]
[EventCountry "DEN"]
[Source "ChessBase"]
[SourceDate "2015.09.14"]

1. d4 Nf6 2. c4 e6 3. Nf3 d5 4. Nc3 c6 5. Bg5 Nbd7 6. e3 Be7 7. Qc2 O-O 8. Rd1
Re8 9. Bd3 dxc4 10. Bxc4 Nd5 11. Bxe7 Qxe7 12. O-O Nxc3 13. Qxc3 c5 14. d5 exd5
15. Rxd5 b6 16. Bb5 a6 17. Bc6 Ra7 18. Rfd1 Rf8 19. Rd6 Rc7 20. Qb3 b5 21. Qd5
Nb8 22. Ba8 Be6 23. Qh5 Nd7 24. Rxa6 Nf6 25. Qe5 Ra7 26. Rxa7 Qxa7 27. Bc6 Qa6
28. Qxc5 Qxa2 29. Qxb5 Bb3 30. Rd2 Bc4 31. Qa4 Ne4 32. Qxa2 1-0

[Event "37. Copenhagen Open (Politiken Cup)"]
[Site "Elsinore"]
[Date "2015.07.27"]
[Round "4"]
[White "Vovk, Oksana"]
[Black "Sorensen, Dick"]
[Result "1/2-1/2"]
[WhiteElo "2127"]
[BlackElo "1911"]
[PlyCount "170"]
[EventDate "2015.07.25"]
[EventType "swiss"]
[EventRounds "10"]
[EventCountry "DEN"]
[Source "ChessBase"]
[SourceDate "2015.09.14"]

1. d4 d5 2. c4 e6 3. Nf3 Nf6 4. Nc3 c6 5. e3 Nbd7 6. Bd3 Bd6 7. O-O O-O 8. e4
dxc4 9. Bxc4 e5 10. Bg5 h6 11. Bh4 b5 12. Bb3 Bb7 13. a3 a6 14. Re1 Rc8 15.
dxe5 Nxe5 16. Nd4 Ng6 17. Nf5 Be5 18. Bg3 c5 19. Nd6 Qxd6 20. Qxd6 Bxd6 21.
Bxd6 Rfd8 22. Rad1 c4 23. Bc2 Nf8 24. Be7 Rxd1 25. Rxd1 N6d7 26. Bb4 Ne5 27. f3
Ne6 28. Nd5 Nc6 29. Ne7+ Nxe7 30. Bxe7 Bc6 31. Bb4 Rd8 32. Rxd8+ Nxd8 33. Kf2
Bd7 34. e5 Nc6 35. Bd6 a5 36. Be4 Nd4 37. g4 g6 38. Ke3 Ne6 39. f4 Ng7 40. h3
h5 41. Kf3 hxg4+ 42. hxg4 Ne6 43. Ke3 Ng7 44. Bf3 a4 45. Be7 Kh7 46. Ke4 Bc6+
47. Ke3 Bd7 48. Bf8 Ne6 49. Bb4 Ng7 50. Bd5 Kg8 51. Kf3 Be8 52. Kg3 Bd7 53. Kh4
Ne6 54. Bxe6 fxe6 55. Kg3 Kf7 56. Kf3 Bc6+ 57. Ke3 Bg2 58. Kd4 Bf3 59. Kc5 Bd1
60. Kxb5 Bb3 61. Kc6 Bd1 62. Kb5 Bb3 63. Kc6 Bc2 64. Kd7 Be4 65. Kd6 Bc2 66.
Kc5 Bb3 67. f5 gxf5 68. gxf5 exf5 69. Kd6 Ke8 70. Bd2 Bc2 71. Bg5 Bb3 72. e6
Bc2 73. Ke5 Kf8 74. Kd4 Bb3 75. Kc5 Ke8 76. Kb4 Kf8 77. Kc3 f4 78. Kd4 f3 79.
Ke3 Bd1 80. Bh4 Ke8 81. Kd4 Bb3 82. Ke4 Bd1 83. Kd5 Bb3 84. Kd6 Bc2 85. Ke5 Bb3
1/2-1/2

[Event "37. Copenhagen Open (Politiken Cup)"]
[Site "Elsinore"]
[Date "2015.07.27"]
[Round "4"]
[White "Vuilleumier, Alexandre"]
[Black "Andersen, Morten"]
[Result "1-0"]
[WhiteElo "2357"]
[BlackElo "2174"]
[PlyCount "95"]
[EventDate "2015.07.25"]
[EventType "swiss"]
[EventRounds "10"]
[EventCountry "DEN"]
[Source "ChessBase"]
[SourceDate "2015.09.14"]

1. c4 c5 2. Nf3 Nf6 3. g3 e6 4. Bg2 Be7 5. O-O O-O 6. Nc3 d5 7. cxd5 exd5 8. d4
Nc6 9. Bg5 c4 10. Ne5 Be6 11. Nxc6 bxc6 12. b3 h6 13. Bxf6 Bxf6 14. bxc4 dxc4
15. e3 Qa5 16. Rc1 Bd5 17. Qa4 Qxa4 18. Nxa4 Rfe8 19. Rb1 Bxg2 20. Kxg2 Rab8
21. Rfc1 Rb5 22. Nc3 Rb6 23. Na4 Rb5 24. Nc3 Rb6 25. Ne2 Ra6 26. Rxc4 Rxa2 27.
Kf3 Re6 28. Nc1 Ra3 29. Rb8+ Kh7 30. Rb3 Ra6 31. Nd3 Be7 32. Rb7 Rf6+ 33. Kg2
Bd6 34. e4 Re6 35. e5 Ra3 36. Nf4 Re7 37. Rxe7 Bxe7 38. Rxc6 Bb4 39. Rc7 Kg8
40. d5 g5 41. Nh5 a5 42. Rc8+ Kh7 43. g4 f6 44. Rc7+ Kg8 45. e6 Kf8 46. Rf7+
Ke8 47. Nxf6+ Kd8 48. d6 1-0

[Event "37. Copenhagen Open (Politiken Cup)"]
[Site "Elsinore"]
[Date "2015.07.27"]
[Round "4"]
[White "Yilmaz, Kazim"]
[Black "Hansen, Verner"]
[Result "1/2-1/2"]
[WhiteElo "1612"]
[BlackElo "1883"]
[PlyCount "138"]
[EventDate "2015.07.25"]
[EventType "swiss"]
[EventRounds "10"]
[EventCountry "DEN"]
[Source "ChessBase"]
[SourceDate "2015.09.14"]

1. d4 d5 2. c4 e6 3. cxd5 exd5 4. Nc3 Nf6 5. Bg5 Be7 6. Bxf6 Bxf6 7. Nf3 O-O 8.
e3 Nc6 9. Bb5 Bf5 10. Bxc6 bxc6 11. O-O Re8 12. Qa4 Bd7 13. Ne5 Bxe5 14. dxe5
Rxe5 15. Qd4 Qe7 16. a3 c5 17. Qd2 Bc6 18. b4 c4 19. b5 Bb7 20. a4 Rd8 21. Ne2
Qd6 22. Nd4 c5 23. bxc6 Bxc6 24. Nxc6 Qxc6 25. Qa5 Qd7 26. Qc3 Qc7 27. Rfd1 Rh5
28. g3 Qd7 29. f4 Qe6 30. Qd2 Re8 31. Re1 Qc6 32. Qc3 Rh6 33. Qd4 a6 34. a5 Re4
35. Rab1 Rhe6 36. Rb8+ Re8 37. Rxe8+ Rxe8 38. Rd1 f6 39. Kf2 c3 40. Qxd5+ Qxd5
41. Rxd5 Rc8 42. Rd1 Rc5 43. Rc1 Kf7 44. e4 Ke6 45. Ke3 g5 46. Kd4 Rxa5 47.
Rxc3 gxf4 48. gxf4 Ra4+ 49. Ke3 a5 50. Rc6+ Kf7 51. f5 Ra2 52. Rc7+ Kf8 53.
Rxh7 a4 54. Ra7 a3 55. e5 fxe5 56. Ke4 Re2+ 57. Kd5 a2 58. Ke6 Rb2 59. Kxe5
Rxh2 60. Kf6 Rh6+ 61. Kg5 Rb6 62. Rxa2 Rc6 63. Ra7 Rb6 64. f6 Rb1 65. Kg6 Rg1+
66. Kf5 Rf1+ 67. Kg6 Rg1+ 68. Kf5 Rf1+ 69. Kg6 Rg1+ 1/2-1/2

[Event "37. Copenhagen Open (Politiken Cup)"]
[Site "Elsinore"]
[Date "2015.07.27"]
[Round "4"]
[White "Zakariassen, Tom"]
[Black "Skjoldager, Mikael"]
[Result "0-1"]
[WhiteElo "1798"]
[BlackElo "2056"]
[PlyCount "92"]
[EventDate "2015.07.25"]
[EventType "swiss"]
[EventRounds "10"]
[EventCountry "DEN"]
[Source "ChessBase"]
[SourceDate "2015.09.14"]

1. e4 e5 2. Nc3 Nc6 3. Nf3 Nf6 4. d4 exd4 5. Nxd4 Bb4 6. Nxc6 bxc6 7. Bd3 d5 8.
Bd2 Bxc3 9. Bxc3 dxe4 10. Bxf6 Qxf6 11. Bxe4 O-O 12. O-O Ba6 13. Re1 Qxb2 14.
Bxc6 Rad8 15. Qc1 Qf6 16. Bf3 Rd4 17. Qe3 g6 18. Qe5 Kg7 19. Qxf6+ Kxf6 20. Re4
Rxe4 21. Bxe4 Rd8 22. Rb1 Rd4 23. Bf3 Rd2 24. Rc1 Ke5 25. g3 g5 26. Re1+ Kd6
27. Be4 h6 28. g4 Be2 29. h3 Kc5 30. Rb1 Rd4 31. Bf5 Rd1+ 32. Rxd1 Bxd1 33. Kg2
Kd4 34. Kg3 c5 35. h4 Kc3 36. hxg5 hxg5 37. f4 f6 38. fxg5 fxg5 39. Kf2 Bxc2
40. Ke3 c4 41. Be6 Bb1 42. a4 a5 43. Bf5 Bd3 44. Be6 Kb2 45. Kd4 c3 46. Kxd3 c2
0-1

[Event "37. Copenhagen Open (Politiken Cup)"]
[Site "Elsinore"]
[Date "2015.07.27"]
[Round "4"]
[White "Zeier, Klaus"]
[Black "Strand, Kjetil"]
[Result "1-0"]
[WhiteElo "2229"]
[BlackElo "2035"]
[PlyCount "151"]
[EventDate "2015.07.25"]
[EventType "swiss"]
[EventRounds "10"]
[EventCountry "DEN"]
[Source "ChessBase"]
[SourceDate "2015.09.14"]

1. e4 e5 2. Nf3 Nc6 3. Bb5 a6 4. Ba4 Nf6 5. O-O Be7 6. Re1 b5 7. Bb3 d6 8. c3
O-O 9. h3 Na5 10. Bc2 c5 11. d4 Qc7 12. Nbd2 cxd4 13. cxd4 Nc6 14. Nb3 a5 15.
Be3 a4 16. Nbd2 Bd7 17. Rc1 Qb7 18. Qe2 Rfe8 19. Bd3 Rab8 20. dxe5 dxe5 21. Bc5
Nh5 22. Qe3 Nf4 23. Bf1 Bf6 24. Bd6 Rbd8 25. Qc5 Re6 26. g3 Be8 27. gxf4 Rexd6
28. Bxb5 Be7 29. Bxc6 Bxc6 30. Qxe5 Bf6 31. Qa5 Bxb2 32. Rb1 a3 33. Nc4 Rg6+
34. Kh2 Qc8 35. Rbd1 Re8 36. Nfe5 Rh6 37. Rd3 Qb8 38. Red1 Qb5 39. Rd8 Qxa5 40.
Nxa5 Ba4 41. Nac6 Rhe6 42. R1d6 g6 43. f3 Rxd6 44. Rxd6 Bb3 45. Nb4 Be6 46. Nd5
Rb8 47. Nc4 Rb5 48. Kg3 Rc5 49. Nxb2 axb2 50. Rb6 Rc2 51. a4 Kg7 52. a5 Rc5 53.
Rxb2 Rxa5 54. Rd2 h5 55. Nc7 Bc4 56. Rd8 Ra3 57. Ne8+ Kh6 58. Nd6 Be6 59. h4
Kg7 60. Nb5 Ra1 61. Nd4 Bc4 62. f5 Rg1+ 63. Kh2 Rf1 64. Rd6 Rc1 65. f6+ Kh7 66.
Rc6 g5 67. hxg5 Kg6 68. f4 Rc3 69. Nf5 Rc2+ 70. Kg3 Bd3 71. Rxc2 Bxc2 72. Nh4+
Kh7 73. Kf3 Bd1+ 74. Ke3 Bg4 75. f5 Kg8 76. Kf4 1-0

[Event "37. Copenhagen Open (Politiken Cup)"]
[Site "Elsinore"]
[Date "2015.07.27"]
[Round "4"]
[White "Zude, Erik"]
[Black "Hinrichs, Lars"]
[Result "1-0"]
[WhiteElo "2398"]
[BlackElo "2205"]
[PlyCount "73"]
[EventDate "2015.07.25"]
[EventType "swiss"]
[EventRounds "10"]
[EventCountry "DEN"]
[Source "ChessBase"]
[SourceDate "2015.09.14"]

1. Nf3 Nf6 2. c4 g6 3. b4 c6 4. Bb2 Bg7 5. e3 d6 6. Be2 O-O 7. O-O e5 8. d4 e4
9. Nfd2 h5 10. Nc3 Qe7 11. Qb3 Bf5 12. Rae1 Nbd7 13. f3 exf3 14. Bxf3 Bh6 15.
Kh1 Ng4 16. Nce4 Nxe3 17. Ng3 Qg5 18. Nde4 Qe7 19. Nxd6 Qxd6 20. Rxe3 Bxe3 21.
Nxf5 gxf5 22. Qxe3 Rfe8 23. Qc3 Qh6 24. Bc1 f4 25. g3 Re3 26. Bxe3 fxe3 27. b5
Re8 28. bxc6 bxc6 29. Qd3 c5 30. Be2 cxd4 31. Qxd4 Qc6+ 32. Kg1 Nc5 33. Rf5 Ne4
34. Bxh5 Nf2 35. Bxf7+ Kf8 36. Bxe8+ Kxe8 37. Qxe3+ 1-0

[Event "37. Copenhagen Open (Politiken Cup)"]
[Site "Elsinore"]
[Date "2015.07.28"]
[Round "5"]
[White "Aabling Thomsen, Jakob"]
[Black "Hansen, Sune Berg"]
[Result "1-0"]
[WhiteElo "2333"]
[BlackElo "2566"]
[PlyCount "95"]
[EventDate "2015.07.25"]
[EventType "swiss"]
[EventRounds "10"]
[EventCountry "DEN"]
[Source "ChessBase"]
[SourceDate "2015.09.14"]

1. e4 c5 2. Nf3 d6 3. g3 Nf6 4. Nc3 Nc6 5. Bg2 g6 6. d4 cxd4 7. Nxd4 Nxd4 8.
Qxd4 Bg7 9. O-O O-O 10. h3 Be6 11. Qd1 Rc8 12. Nd5 Nxd5 13. exd5 Bf5 14. c3 h5
15. Be3 Qd7 16. Bxa7 Bxh3 17. Bd4 Bxg2 18. Kxg2 Bxd4 19. Qxd4 b5 20. Rfe1 Rc4
21. Qe3 Qb7 22. Qf3 Rfc8 23. Re3 R8c7 24. a3 Rg4 25. Rd1 Kf8 26. Red3 Kg7 27.
Kg1 Rcc4 28. b3 Rce4 29. Re3 f5 30. Qe2 Qa7 31. Rd4 Qxa3 32. Rexe4 fxe4 33.
Rxe4 Rxe4 34. Qxe4 Kf7 35. Qf3+ Kg7 36. Qe2 Qxb3 37. Qxe7+ Kh6 38. Qf8+ Kh7 39.
Qf7+ Kh6 40. Qf8+ Kh7 41. Qxd6 Qxc3 42. Qd7+ Kg8 43. Qxb5 Qe1+ 44. Kg2 Qe4+ 45.
Kh2 Qe5 46. Qc6 Kf7 47. d6 Qe6 48. d7 1-0

[Event "37. Copenhagen Open (Politiken Cup)"]
[Site "Elsinore"]
[Date "2015.07.28"]
[Round "5"]
[White "Aagaard, Jacob"]
[Black "Haria, Ravi"]
[Result "1/2-1/2"]
[WhiteElo "2506"]
[BlackElo "2261"]
[PlyCount "31"]
[EventDate "2015.07.25"]
[EventType "swiss"]
[EventRounds "10"]
[EventCountry "DEN"]
[Source "ChessBase"]
[SourceDate "2015.09.14"]

1. e4 e6 2. d4 d5 3. Nd2 h6 4. Ngf3 Nf6 5. e5 Nfd7 6. c4 Be7 7. a3 c5 8. cxd5
exd5 9. Qb3 Nc6 10. Qxd5 O-O 11. Qe4 cxd4 12. Bd3 g6 13. Nb3 Re8 14. O-O Bf8
15. Bf4 Bg7 16. Bc4 1/2-1/2

[Event "37. Copenhagen Open (Politiken Cup)"]
[Site "Elsinore"]
[Date "2015.07.28"]
[Round "5"]
[White "Agovic, Sejfo"]
[Black "Rolvag, Birk Anders"]
[Result "0-1"]
[WhiteElo "1699"]
[BlackElo "1970"]
[PlyCount "83"]
[EventDate "2015.07.25"]
[EventType "swiss"]
[EventRounds "10"]
[EventCountry "DEN"]
[Source "ChessBase"]
[SourceDate "2015.09.14"]

1. e4 c6 2. d4 d5 3. Nc3 dxe4 4. Nxe4 Nf6 5. Ng5 h6 6. N5f3 Bf5 7. Bd3 Bxd3 8.
Qxd3 e6 9. Ne5 Nbd7 10. Ngf3 Nxe5 11. Nxe5 Bd6 12. f4 O-O 13. Bd2 c5 14. O-O-O
Bxe5 15. fxe5 Ne8 16. Qg3 Kh7 17. dxc5 Qd5 18. Kb1 Qxc5 19. Rhf1 Rc8 20. Bc3
Nc7 21. Rd7 Nd5 22. Rxb7 Rc7 23. Qd3+ Kg8 24. Rxc7 Qxc7 25. Bd4 Rc8 26. c3 Ne7
27. g4 Ng6 28. Qg3 Qb7 29. Qf2 Rc7 30. Re1 a5 31. h4 Qb5 32. Re3 Rb7 33. h5 Ne7
34. b3 a4 35. c4 Qxc4 36. Rc3 Qd5 37. Kb2 Nc6 38. Qc2 Qxd4 39. Ka3 axb3 40.
axb3 Ra7+ 41. Kb2 Nb4 42. Qc1 0-1

[Event "37. Copenhagen Open (Politiken Cup)"]
[Site "Elsinore"]
[Date "2015.07.28"]
[Round "5"]
[White "Alquist, Erik"]
[Black "Vehl, Tina"]
[Result "1-0"]
[WhiteElo "2061"]
[BlackElo "1851"]
[PlyCount "129"]
[EventDate "2015.07.25"]
[EventType "swiss"]
[EventRounds "10"]
[EventCountry "DEN"]
[Source "ChessBase"]
[SourceDate "2015.09.14"]

1. e4 c5 2. Nf3 d6 3. d4 cxd4 4. Nxd4 Nf6 5. Nc3 a6 6. Bg5 e6 7. f4 h6 8. Bh4
Be7 9. Qf3 Nbd7 10. O-O-O Qc7 11. Be2 b5 12. Bxf6 Nxf6 13. e5 Bb7 14. Qg3 dxe5
15. fxe5 Nd5 16. Nxe6 fxe6 17. Qg6+ Kd7 18. Bg4 Qxe5 19. Nxd5 Qg5+ 20. Qxg5
Bxg5+ 21. Kb1 Bxd5 22. Rxd5+ Kc7 23. Rc5+ Kb6 24. Re5 Rhe8 25. Rhe1 Rad8 26.
Rxe6+ Rxe6 27. Rxe6+ Ka7 28. a3 Rd2 29. Bf3 Rd7 30. Ka2 Bf6 31. Kb3 Rc7 32. c3
Re7 33. Rc6 Be5 34. h3 Rc7 35. Re6 Bf6 36. a4 Re7 37. Rc6 Re5 38. Rd6 bxa4+ 39.
Kxa4 Rb5 40. Rd7+ Kb8 41. Ka3 Rb6 42. Rd3 Kc7 43. b3 Rd6 44. Bd5 Kb6 45. Kb4
Be7 46. Ka4 Rf6 47. b4 Rf4 48. Re3 Bd6 49. Re6 Kc7 50. Re8 Rf6 51. c4 Rf8 52.
Re2 Rb8 53. c5 Bf8 54. Rf2 Rd8 55. Rf7+ Kb8 56. Bc4 g6 57. Bxa6 h5 58. Kb5 Ka8
59. Kb6 Bh6 60. Ra7+ Kb8 61. Rb7+ Ka8 62. Re7 Bd2 63. c6 Bxb4 64. Bb7+ Kb8 65.
c7# 1-0

[Event "37. Copenhagen Open (Politiken Cup)"]
[Site "Elsinore"]
[Date "2015.07.28"]
[Round "5"]
[White "Andersen, Morten"]
[Black "Rosell, Sven"]
[Result "1-0"]
[WhiteElo "2174"]
[BlackElo "1995"]
[PlyCount "47"]
[EventDate "2015.07.25"]
[EventType "swiss"]
[EventRounds "10"]
[EventCountry "DEN"]
[Source "ChessBase"]
[SourceDate "2015.09.14"]

1. c4 Nf6 2. g3 g6 3. Bg2 Bg7 4. Nc3 O-O 5. e4 d6 6. Nge2 e5 7. O-O Nbd7 8. h3
c6 9. d4 Qe7 10. Be3 a6 11. a4 exd4 12. Bxd4 a5 13. Qc2 Nc5 14. Rae1 Be6 15. b3
Na6 16. f4 Nb4 17. Qb1 Qc7 18. f5 Bd7 19. g4 gxf5 20. exf5 c5 21. Bxf6 Bxf6 22.
Ne4 Be5 23. f6 Kh8 24. Ng5 1-0

[Event "37. Copenhagen Open (Politiken Cup)"]
[Site "Elsinore"]
[Date "2015.07.28"]
[Round "5"]
[White "Andersen, Rune Egede"]
[Black "Fossan, Petter"]
[Result "0-1"]
[WhiteElo "2028"]
[BlackElo "2308"]
[PlyCount "46"]
[EventDate "2015.07.25"]
[EventType "swiss"]
[EventRounds "10"]
[EventCountry "DEN"]
[Source "ChessBase"]
[SourceDate "2015.09.14"]

1. e4 c5 2. c3 Nf6 3. e5 Nd5 4. d4 cxd4 5. Nf3 e6 6. cxd4 d6 7. Bc4 Nc6 8. O-O
Be7 9. Qe2 O-O 10. Re1 Bd7 11. a3 Rc8 12. Bd3 Na5 13. exd6 Bxd6 14. Bg5 Be7 15.
Qe4 f5 16. Bxe7 Nxe7 17. Qh4 Nb3 18. Nc3 Nxa1 19. Ng5 h6 20. Nxe6 Bxe6 21. Rxe6
Nd5 22. Qg3 Nxc3 23. Rxh6 Ne4 0-1

[Event "37. Copenhagen Open (Politiken Cup)"]
[Site "Elsinore"]
[Date "2015.07.28"]
[Round "5"]
[White "Andreassen, Mikkel"]
[Black "Hartung Nielsen, Jens"]
[Result "0-1"]
[WhiteElo "1954"]
[BlackElo "2212"]
[PlyCount "52"]
[EventDate "2015.07.25"]
[EventType "swiss"]
[EventRounds "10"]
[EventCountry "DEN"]
[Source "ChessBase"]
[SourceDate "2015.09.14"]

1. d4 d5 2. c4 e6 3. Nf3 c5 4. cxd5 exd5 5. g3 Nc6 6. Bg2 Nf6 7. O-O Be7 8. Nc3
O-O 9. Bg5 c4 10. Ne5 Be6 11. Qd2 Re8 12. Rfd1 h6 13. Nxc6 bxc6 14. Be3 Bb4 15.
a3 Ba5 16. Qc2 Rb8 17. Na4 Qc8 18. Bf4 Bf5 19. Qc1 Rxe2 20. Bxb8 Qxb8 21. Qf4
Qxf4 22. gxf4 Bc2 23. Nc3 Bxd1 24. Nxd1 Re1+ 25. Bf1 Ne4 26. Kg2 Nd2 0-1

[Event "37. Copenhagen Open (Politiken Cup)"]
[Site "Elsinore"]
[Date "2015.07.28"]
[Round "5"]
[White "Antonsen, Mikkel"]
[Black "Harvey, Marcus Ross"]
[Result "0-1"]
[WhiteElo "2469"]
[BlackElo "2320"]
[PlyCount "70"]
[EventDate "2015.07.25"]
[EventType "swiss"]
[EventRounds "10"]
[EventCountry "DEN"]
[Source "ChessBase"]
[SourceDate "2015.09.14"]

1. d4 e6 2. c4 Nf6 3. Nf3 Bb4+ 4. Bd2 Qe7 5. g3 O-O 6. Bg2 Bxd2+ 7. Qxd2 d6 8.
Nc3 e5 9. O-O Re8 10. Rac1 h6 11. dxe5 dxe5 12. Nd5 Qd8 13. Rfd1 c6 14. Nxf6+
Qxf6 15. Qc3 Nd7 16. Nd2 Qe7 17. Ne4 Nf6 18. Nd6 Rd8 19. c5 Bg4 20. h3 Bh5 21.
Rd2 Rd7 22. Rcd1 Rad8 23. Qa5 b6 24. cxb6 axb6 25. Qxb6 Bxe2 26. Nf5 Qe6 27.
Rxd7 Rxd7 28. Rxd7 Nxd7 29. Qd8+ Kh7 30. Ne7 Nf6 31. Bxc6 Qxa2 32. Be4+ g6 33.
Nxg6 Nxe4 34. Nxe5 Qb1+ 35. Kh2 Qf1 0-1